000 00234nam a22001097a 4500
041 _aENG
245 _aKrishi Margdrhika Ani Dainadini
260 _aAkola
_bDr,P.D.K.V
_c2003
300 _a400
650 _aGAE (15)
856 _uGAE (15)
999 _c2975
_d2975